[Event "IECC O-3144"]
[Site "IECC email"]
[Date "2010.05.13"]
[Round "?"]
[White "Manning, Christopher"]
[Black "Von Rosenberg, Clemens"]
[Result "0-1"]
[WhiteElo "1288"]
[BlackElo "1339"]
[PlyCount "26"]
[EventDate "2010.??.??"]
[EventType "swiss (corr)"]
[EventRounds "2"]
[SourceTitle "Corr 2013"]
[Source "ChessBase"]
[SourceDate "2012.11.12"]
[SourceVersion "1"]
[SourceVersionDate "2012.11.12"]
[SourceQuality "1"]
[WhiteTeam "South Africa"]
[BlackTeam "Peru"]
[WhiteTeamCountry "RSA"]
[BlackTeamCountry "PER"]

1. e4 e6 2. d4 d5 3. c3 dxe4 4. Bb5+ c6 5. Bc4 Nd7 6. Bf4 Ngf6 7. Ne2 Nb6 8. Nd2 Nfd5 9. 0-0 Nxf4 10. Nxf4 Bd6 11. Nh5 0-0 12. Qe1 Qh4 13. Qd1 Qxh2# 0-1